Morale sessuale in evoluzione /

Salvato in:
Dettagli Bibliografici
Autore principale: Rossi, Leandro (Autore)
Natura: Libro
Lingua:italiano
Pubblicazione: Torino : P. Gribaudi, 1967
Soggetti:
Tags: Aggiungi Tag
Nessun Tag, puoi essere il primo ad aggiungerne!!

MARC

LEADER 00000nam a22000007i 4500
001 IT\ICCU\LIA\0135103
003 ItRI
005 20260115232319.0
008 920228s1967 it |||||| ||||| |||||c
040 |b ita  |c importazione bologna sebina 
041 7 |a ita  |2 ISO-639-2 
100 1 |a Rossi, Leandro  |0 IT\ICCU\LO1V\026427  |4 aut 
245 1 0 |a Morale sessuale in evoluzione /  |c Leandro Rossi. 
260 |a Torino :  |b P. Gribaudi,  |c 1967 
300 |a 414 p. ;  |c 19 cm. 
650 7 |a Sessualita  |x Concezione cristiana  |2 scbi 
942 |2 ddc  |c BK  |n 0 
952 |0 0  |1 0  |4 0  |6 DOC_241_660000000000000_ROS  |7 0  |9 24029  |a BO  |b BO  |d 2026-01-15  |i 335  |l 0  |o DOC 241.66 ROS  |p BO335  |r 2026-01-15 23:23:19  |w 2026-01-15  |x [Sebina 5] [1 v.]  |y BK  |z 1 v. 
999 |c 20460  |d 20460